Timelezz - Jhayco - Estadísticas

Estadísticas generales
  • Esta prueba ha sido intentada 21 veces
  • La puntuación promedio es 12 de 17
Estadísticas de respuestas
Hint Respuesta % Correcto
ft. Anuel AA Ley Seca
100%
ft. Skrillex En Mi Cuarto
94%
ft. Myke Towers Los Bo
94%
Tokyo
94%
Nos Matamos
88%
Dilema
81%
Christian Dior
69%
Dile (Homenaje)
69%
Esta Dejá
69%
ft. Kendo Kaponi Ropa Interior
69%
ft. Arcángel Los Bandoleros
63%
Dale Como Es
56%
Me Extraña
50%
Kobe en LA 2.0
44%
Los Rompediskoteca
44%
Mi Vicio
44%
ft. Buscabulla Eternamente
31%
No se encontraron pruebas coincidentes
Distribución de puntuación
Porcentaje de gente con cada puntuación
Porcentaje por número respondido
Historial de tus puntuaciones
No has intentado esta prueba.